=LDR 00000nam 2200000 4500 =001 INLIS000000000018300 =005 20130612113459 =008 ***********************************Ind** =035 ##$$0010-061300000018300 =041 ##$$a Ind =082 ##$$a 635.31 =090 ##$$a 635.31, Suk b =100 ##$$a Suhardiman, P =245 ##$$a Bertanam asparagus, P. Suhardiman =260 ##$$a 1987 $b Jakarta =300 ##$$a 44 hlm, ilus, 21 cm =650 ##$$a Asparagus =850 ##$$a NBPNMAT